The magic school bus weathers the storm / (Record no. 4153)
[ view plain ]
| 000 -LEADER | |
|---|---|
| fixed length control field | 01084nam a22002897a 4500 |
| 001 - CONTROL NUMBER | |
| control field | 4153 |
| 003 - CONTROL NUMBER IDENTIFIER | |
| control field | FISKH |
| 005 - DATE AND TIME OF LATEST TRANSACTION | |
| control field | 20240614110856.0 |
| 008 - FIXED-LENGTH DATA ELEMENTS--GENERAL INFORMATION | |
| fixed length control field | 240614b cb ||||| |||| 00| 0 eng d |
| 020 ## - INTERNATIONAL STANDARD BOOK NUMBER | |
| International Standard Book Number | 9780545086035 |
| 040 ## - CATALOGING SOURCE | |
| Original cataloging agency | FISKH |
| Language of cataloging | eng |
| Transcribing agency | FISKH |
| Modifying agency | FISKH |
| 050 ## - LIBRARY OF CONGRESS CALL NUMBER | |
| Classification number | QC941.3 |
| 082 ## - DEWEY DECIMAL CLASSIFICATION NUMBER | |
| Classification number | 551.55 |
| 100 ## - MAIN ENTRY--PERSONAL NAME | |
| Personal name | Earhart, Kristin |
| 245 ## - TITLE STATEMENT | |
| Title | The magic school bus weathers the storm / |
| Statement of responsibility, etc. | Written by Kristin Earhart ; Illustrated by Carolyn Bracken |
| 250 ## - EDITION STATEMENT | |
| Edition statement | First Scholastic printing, October 2008 |
| 260 ## - PUBLICATION, DISTRIBUTION, ETC. | |
| Place of publication, distribution, etc. | New York : |
| Name of publisher, distributor, etc. | Scholastic, |
| Date of publication, distribution, etc. | 2008. |
| 300 ## - PHYSICAL DESCRIPTION | |
| Extent | 32 pages : |
| Other physical details | color illustrations ; |
| Dimensions | 23 cm |
| 505 ## - FORMATTED CONTENTS NOTE | |
| Formatted contents note | J<br/> |
| 520 ## - SUMMARY, ETC. | |
| Summary, etc. | There are stormy skies ahead for Ms. Frizzle and her class. What happens when the Magic School Bus turns into a weather balloon? Take off with the Magic School Bus and learn all about what happens during a thunderstorm. |
| 521 8# - TARGET AUDIENCE NOTE | |
| Target audience note | 490<br/> |
| Source | Lexile<br/> |
| 521 8# - TARGET AUDIENCE NOTE | |
| Target audience note | J<br/> |
| Source | Raz-Plus<br/> |
| 650 ## - SUBJECT ADDED ENTRY--TOPICAL TERM | |
| Topical term or geographic name entry element | Magic School Bus |
| Form subdivision | Earth Science |
| General subdivision | Storms |
| 700 ## - ADDED ENTRY--PERSONAL NAME | |
| Personal name | Bracken, Carolyn |
| Relator term | Illustrator |
| 942 ## - ADDED ENTRY ELEMENTS (KOHA) | |
| Source of classification or shelving scheme | Dewey Decimal Classification |
| Koha item type | Books |
| Suppress in OPAC | No |
| Withdrawn status | Lost status | Source of classification or shelving scheme | Damaged status | Not for loan | Collection | Home library | Current library | Shelving location | Date acquired | Total Checkouts | Full call number | Barcode | Date last seen | Date last checked out | Copy number | Price effective from | Koha item type |
|---|---|---|---|---|---|---|---|---|---|---|---|---|---|---|---|---|---|
| Dewey Decimal Classification | Non-Fiction | Footprints International School Library Network Toul Kork Campus | Footprints International School Library Network Toul Kork Campus | TK Primary Library Room(4th Floor), Bookcase 1&2, Shelves 1-16, Dark Blue Books | 06/14/2024 | 9 | EAR 551.55 QC941.3 | FISBK02750 | 04/02/2026 | 03/26/2026 | 1 | 06/14/2024 | Books | ||||
| Dewey Decimal Classification | Non-Fiction | Footprints International School Library Network Toul Kork Campus | Footprints International School Library Network Toul Kork Campus | TK Primary Library Room(4th Floor), Bookcase 1&2, Shelves 1-16, Dark Blue Books | 06/14/2024 | 4 | EAR 551.55 QC941.3 | FISBK02749 | 12/04/2025 | 11/27/2025 | 2 | 06/14/2024 | Books |
